000
00260nam a2200109Ia 4500
008
210430s9999 xx 000 0 und d
082
_a
153.93A6317A
100
_a
M.S Anwar
_9
55019
245
_a
Aptitude tests
_c
M.S Anwar
300
_a
224p.
942
_c
BK
_2
ddc
999
_c
565987
_d
565987